Ley de 15 de julio de 1952, para la adjudicación de destinos o empleos civiles a Oficiales de la Escala Auxiliar... de los Ejércitos (Record no. 91457)

MARC details
000 -LEADER
campo de control de longitud fija 00557nam a2200145 i 4500
001 - NÚMERO DE CONTROL
campo de control 91457
003 - IDENTIFICADOR DE NÚMERO DE CONTROL
campo de control ES-MaACL
005 - FECHA Y HORA DE LA ÚLTIMA TRANSACCIÓN
campo de control 20230906180727.0
007 - CAMPO FIJO DE DESCRIPCIÓN FÍSICA--INFORMACIÓN GENERAL
campo de control de longitud fija t|
008 - DATOS DE LONGITUD FIJA--INFORMACIÓN GENERAL
campo de control de longitud fija 050131m19531954sp ||||1| spa d
245 00 - MENCIÓN DEL TÍTULO
Título Ley de 15 de julio de 1952, para la adjudicación de destinos o empleos civiles a Oficiales de la Escala Auxiliar... de los Ejércitos
Resto del título : apéndices legislativos julio 1952-agosto 1953 y septiembre 1953-sept. 1954.
260 ## - PUBLICACIÓN, DISTRIBUCIÓN, ETC.
Lugar de publicación, distribución, etc. [S.l. :
Nombre del editor, distribuidor, etc. s.n.,
Fecha de publicación, distribución, etc. 1953-54]
300 ## - DESCRIPCIÓN FÍSICA
Extensión 3 v. ;
Dimensiones 18 cm.
852 ## - LOCALIZACIÓN
Ubicación ES-MaACL
Número de control de estantería 1955-F-13-14-15
Sublocalización o colección R.33143, 35391
Holdings
Estatus retirado Estado de pérdida Estado de daño No para préstamo Colección Biblioteca de origen Biblioteca actual Ubicación en estantería Fecha de adquisición Fuente de adquisición Total de préstamos Signatura topográfica completa Código de barras Visto por última vez Precio de reemplazo Tipo de ítem Koha
        Colección de folletos Biblioteca del Ateneo de Madrid Biblioteca del Ateneo de Madrid Depósito folletos 17/01/2008     1955-F-13-14-15 1095482 23/02/2023 23/02/2023 Folleto